000 00396nam a2200157Ia 4500
008 210716s2013 xx 000 0 und d
020 _a9788131759332
041 _aeng
082 _a332.6323 FABF
100 _aFabozzi, Frank J.
245 _aBond markets analysis and strategies.
250 _a7
260 _aNew Delhi
_bPearson Education
_c2013
300 _axiii,778
650 _aFinance
999 _c208059
_d208059